Toby Fox Characters A-Z - Statistics

General Stats
  • This quiz has been taken 35 times
  • The average score is 7 of 26
Answer Stats
Letter Hint Answer % Correct
T hOi Temmie
74%
M OH YES Mettaton
63%
A Toby Annoying Dog
58%
D Stupid, Stupid, STUPID!!! Dummy
58%
U I spy with my little eye Undyne
58%
F Average toad Froggit
47%
G Old Waterfall adventurer Gerson
42%
L Has his own fan club Lancer
37%
N Everybody loves this guy Nubert
37%
Z Sans' favorite word ZZZ
37%
O Food shaped anime character Onionsan
26%
K Gets very very sleepy when you last see him King
21%
Q Causes Twitter outrages Queen
21%
R Hangs out in the dialogue box Reaper Bird
21%
E 5 dogs in a metaphorical trench coat Endogeny
16%
H You have to flirt to spare them Hathy
16%
I Has a sick hat Ice Cap
16%
J Probably doesn't like Law & Order Jevil
16%
V Teaches Noelle how to battle Virovirokun
16%
B This character is a ____ in Waterfall Bird That Carries You Over A Disproportionately Small Gap
11%
C Served the Dreemurrs on Sundays Catti
11%
P Light-socket: the character Plugboy
11%
W The final evolution of the P character Werewire
11%
S HE'S AMAZING Starwalker
0%
X What Asgore really is X Husband
0%
Y What Flowey is Your Best Friend
0%
No matching quizzes found
Score Distribution
Percent of People with Each Score
Percentile by Number Answered
Your Score History
You have not taken this quiz